| 000 | 01117nam a2200325Ia 4500 | ||
|---|---|---|---|
| 003 | GCL | ||
| 008 | 140319s9999 xx 000 0 ara d | ||
| 040 |
_aGCL / _cGCL |
||
| 082 | 0 | 4 |
_a612.8 _bم م |
| 100 | 1 | _aمحمد عبدالرحمن الشقيرات | |
| 245 | 1 | 0 |
_aمقدمة فى علم النفس العصبى / _cمحمد عبدالرحمن الشقيرات |
| 250 | _aالاولى | ||
| 260 |
_aالاردن : _bدار الشروق للنشر والتوزيع ، _c2005 |
||
| 300 |
_a332 ص ؛ _c24 سم |
||
| 650 | 0 | 4 | _aعلم النفس الفسيولوجى |
| 650 | 0 | 4 | _aالذاكرة |
| 650 | 0 | 4 | _aالكلام |
| 650 | 0 | 4 | _aالحواس |
| 650 | 0 | 4 | _aالدماغ - امراض |
| 650 | 0 | 4 | _aالدماغ - فسيولوجيا |
| 650 | 0 | 4 | _aاللغة، علم |
| 650 | 0 | 4 | _aالجهاز العصبى - امراض |
| 650 | 0 | 4 | _aالتلعثم |
| 650 | 0 | 4 | _aفقدان الذاكرة |
| 650 | 0 | 4 | _aصعوبات التعلم |
| 650 | 0 | 4 | _aالدماغ - الجهاز العصبى |
| 650 | 0 | 4 | _aالدماغ - تشريح |
| 650 | 0 | 4 | _aالدماغ - اجزاء |
| 942 |
_2ddc _cBK |
||
| 999 |
_c10148 _d10148 |
||